[Event "Portugal Open 2018"]
[Site "Lisboa POR"]
[Date "2018.02.09"]
[Round "9.12"]
[White "To, Nhat Minh"]
[Black "Warakomski, Tomasz"]
[Result "1/2-1/2"]
[BlackElo "2517"]
[WhiteElo "2338"]
[LiveChessVersion "1.4.8"]

1. Nf3 {[%clk 1:30:32]} d5 {[%clk 1:30:59]} 2. g3 {[%clk 1:30:48]} Nc6
{[%clk 1:25:23]} 3. d4 {[%clk 1:30:56]} Bf5 {[%clk 1:25:49]} 4. Bg2
{[%clk 1:31:09]} Nb4 {[%clk 1:25:20]} 5. Na3 {[%clk 1:31:32]} e6 {[%clk 1:25:47]}
6. O-O {[%clk 1:29:48]} c6 {[%clk 1:23:00]} 7. Re1 {[%clk 1:14:12]} Be7
{[%clk 1:22:22]} 8. c3 {[%clk 1:09:04]} Na6 {[%clk 1:22:47]} 9. Qb3
{[%clk 1:09:22]} Qb6 {[%clk 1:22:46]} 10. Nd2 {[%clk 1:06:46]} Nf6
{[%clk 1:22:55]} 11. e4 {[%clk 1:06:35]} Qxb3 {[%clk 0:42:15]} 12. axb3
{[%clk 1:06:52]} Nxe4 {[%clk 0:42:42]} 13. Nxe4 {[%clk 1:07:08]} Bxe4
{[%clk 0:42:57]} 14. Bxe4 {[%clk 1:07:26]} dxe4 {[%clk 0:43:23]} 15. Rxe4
{[%clk 1:05:21]} Nc7 {[%clk 0:42:50]} 16. Nc4 {[%clk 1:01:27]} Nd5
{[%clk 0:39:09]} 17. h4 {[%clk 1:00:39]} O-O {[%clk 0:38:30]} 18. Bg5
{[%clk 0:58:59]} Rfd8 {[%clk 0:37:42]} 19. b4 {[%clk 0:58:19]} h6
{[%clk 0:37:44]} 20. Bxe7 {[%clk 0:57:31]} Nxe7 {[%clk 0:38:10]} 21. h5
{[%clk 0:57:24]} a6 {[%clk 0:38:05]} 22. g4 {[%clk 0:56:44]} Nd5 {[%clk 0:37:34]}
23. f3 {[%clk 0:55:54]} Rac8 {[%clk 0:37:38]} 24. Kf2 {[%clk 0:55:55]} Rc7
{[%clk 0:36:46]} 25. Kg3 {[%clk 0:50:22]} Nf6 {[%clk 0:36:18]} 26. Re5
{[%clk 0:49:43]} Ne8 {[%clk 0:33:22]} 27. f4 {[%clk 0:46:24]} Kf8
{[%clk 0:33:40]} 28. Rae1 {[%clk 0:44:30]} Nf6 {[%clk 0:34:05]} 29. Kf3
{[%clk 0:40:16]} Nd7 {[%clk 0:34:04]} 30. R5e2 {[%clk 0:38:56]} Nf6
{[%clk 0:34:23]} 31. Re5 {[%clk 0:38:36]} Nd7 {[%clk 0:34:48]} 32. R5e2
{[%clk 0:38:54]} Nf6 {[%clk 0:34:52]} 33. Ne3 {[%clk 0:37:21]} Rcd7
{[%clk 0:31:11]} 34. Rh1 {[%clk 0:34:05]} Nd5 {[%clk 0:30:10]} 35. Nc4
{[%clk 0:31:26]} Ne7 {[%clk 0:30:32]} 36. Nb6 {[%clk 0:30:03]} Rc7
{[%clk 0:30:27]} 37. g5 {[%clk 0:28:05]} a5 {[%clk 0:16:59]} 38. bxa5
{[%clk 0:24:53]} c5 {[%clk 0:17:24]} 39. gxh6 {[%clk 0:22:42]} gxh6
{[%clk 0:17:48]} 40. dxc5 {[%clk 0:21:52]} Rxc5 {[%clk 0:18:12]} 41. Re5
{[%clk 0:21:46]} Rxe5 {[%clk 0:18:20]} 42. fxe5 {[%clk 0:22:04]} Nc6
{[%clk 0:18:46]} 43. Nc4 {[%clk 0:19:41]} Rd5 {[%clk 0:19:10]} 44. Ke4
{[%clk 0:18:38]} Nxa5 {[%clk 0:19:17]} 45. Nxa5 {[%clk 0:11:24]} Rxa5
{[%clk 0:19:43]} 46. b4 {[%clk 0:11:40]} Ra8 {[%clk 0:13:09]} 47. Kd4
{[%clk 0:11:07]} Ke7 {[%clk 0:11:31]} 48. Rg1 {[%clk 0:06:10]} Rd8+
{[%clk 0:08:02]} 49. Kc5 {[%clk 0:02:19]} Rc8+ {[%clk 0:08:28]} 50. Kb6
{[%clk 0:01:49]} Rxc3 {[%clk 0:08:54]} 51. Kxb7 {[%clk 0:01:46]} Rb3
{[%clk 0:08:45]} 52. Rg4 {[%clk 0:01:59]} f6 {[%clk 0:09:00]} 53. exf6+
{[%clk 0:00:55]} Kxf6 {[%clk 0:09:25]} 54. Kc6 {[%clk 0:01:02]} Kf5
{[%clk 0:09:14]} 55. Rc4 {[%clk 0:01:12]} e5 {[%clk 0:09:33]} 56. b5
{[%clk 0:01:34]} e4 {[%clk 0:04:50]} 57. b6 {[%clk 0:02:04]} e3 {[%clk 0:05:14]}
58. b7 {[%clk 0:01:39]} e2 {[%clk 0:05:33]} 59. Rc1 {[%clk 0:01:29]} Kf4
{[%clk 0:04:29]} 60. Kc7 {[%clk 0:01:03]} Ke3 {[%clk 0:04:54]} 61. b8=Q
{[%clk 0:00:47]} Rxb8 {[%clk 0:05:20]} 62. Kxb8 {[%clk 0:01:13]} Kd2
{[%clk 0:05:45]} 63. Ra1 {[%clk 0:01:25]} e1=Q {[%clk 0:06:10]} 64. Rxe1
{[%clk 0:01:50]} Kxe1 {[%clk 0:06:37]} 65. Kc7 {[%clk 0:02:15]} Kf2
{[%clk 0:07:04]} 66. Kd6 {[%clk 0:02:41]} Kf3 {[%clk 0:07:30]} 67. Ke5
{[%clk 0:02:47]} Kg4 {[%clk 0:07:56]} 68. Ke4 {[%clk 0:03:05]} Kxh5
{[%clk 0:08:20]} 69. Kf3 {[%clk 0:03:28]} 1/2-1/2

[Event "Portugal Open 2018"]
[Site "Lisboa POR"]
[Date "2018.02.09"]
[Round "9.13"]
[White "Risting, Eivind Olav"]
[Black "Kanarek, Marcel"]
[Result "1/2-1/2"]
[BlackElo "2512"]
[WhiteElo "2308"]
[LiveChessVersion "1.4.8"]

1. d4 {[%clk 1:27:53]} Nf6 {[%clk 1:30:53]} 2. c4 {[%clk 1:28:13]} g6
{[%clk 1:31:19]} 3. Nf3 {[%clk 1:28:34]} Bg7 {[%clk 1:31:47]} 4. g3
{[%clk 1:28:57]} O-O {[%clk 1:32:13]} 5. Bg2 {[%clk 1:29:24]} d6 {[%clk 1:32:39]}
6. O-O {[%clk 1:29:45]} Nc6 {[%clk 1:33:05]} 7. Nc3 {[%clk 1:29:56]} e5
{[%clk 1:33:33]} 8. d5 {[%clk 1:27:03]} Ne7 {[%clk 1:33:56]} 9. e4
{[%clk 1:27:26]} Nd7 {[%clk 1:34:10]} 10. Ne1 {[%clk 1:27:21]} f5
{[%clk 1:33:03]} 11. Nd3 {[%clk 1:24:45]} h6 {[%clk 1:32:55]} 12. f3
{[%clk 1:20:26]} g5 {[%clk 1:27:29]} 13. Bd2 {[%clk 1:07:04]} Nf6
{[%clk 1:21:24]} 14. b4 {[%clk 1:01:56]} f4 {[%clk 1:21:20]} 15. c5
{[%clk 1:00:03]} h5 {[%clk 1:15:21]} 16. a4 {[%clk 0:53:49]} Ng6 {[%clk 1:13:20]}
17. Rc1 {[%clk 0:47:06]} Rf7 {[%clk 1:08:19]} 18. b5 {[%clk 0:35:47]} Bh6
{[%clk 0:50:15]} 19. Ne2 {[%clk 0:21:23]} Qf8 {[%clk 0:48:13]} 20. h4
{[%clk 0:18:13]} Nh7 {[%clk 0:15:01]} 21. hxg5 {[%clk 0:17:27]} Nxg5
{[%clk 0:13:58]} 22. gxf4 {[%clk 0:15:44]} exf4 {[%clk 0:13:19]} 23. Kh2
{[%clk 0:11:29]} Qe7 {[%clk 0:13:48]} 24. cxd6 {[%clk 0:08:51]} cxd6
{[%clk 0:13:38]} 25. Nd4 {[%clk 0:07:36]} Bg7 {[%clk 0:10:06]} 26. Ne2
{[%clk 0:04:37]} Kh7 {[%clk 0:07:28]} 27. Bc3 {[%clk 0:04:31]} Bd7
{[%clk 0:06:57]} 28. Bxg7 {[%clk 0:03:30]} Rxg7 {[%clk 0:07:26]} 29. Qe1
{[%clk 0:02:08]} Rag8 {[%clk 0:06:08]} 30. Rc7 {[%clk 0:01:05]} Nf7
{[%clk 0:01:32]} 31. Bh3 {[%clk 0:01:00]} Nfe5 {[%clk 0:01:20]} 32. Ndxf4
{[%clk 0:01:10]} Nxf4 {[%clk 0:01:16]} 33. Nxf4 {[%clk 0:01:36]} Qf6
{[%clk 0:00:38]} 34. Nxh5 {[%clk 0:00:51]} Nxf3+ {[%clk 0:01:00]} 35. Kh1
{[%clk 0:00:42]} Qe5 {[%clk 0:00:35]} 36. Bf5+ {[%clk 0:00:32]} Bxf5
{[%clk 0:00:37]} 37. Rxg7+ {[%clk 0:00:46]} Rxg7 {[%clk 0:00:04]} 38. Rxf3
{[%clk 0:01:10]} Bg4 {[%clk 0:00:34]} 39. Nf6+ {[%clk 0:01:20]} Kh6
{[%clk 0:00:33]} 40. Qh4+ {[%clk 0:01:05]} Bh5 {[%clk 0:00:34]} 41. Qxh5+
{[%clk 0:00:56]} Qxh5+ {[%clk 0:00:59]} 42. Nxh5 {[%clk 0:01:22]} Kxh5
{[%clk 0:01:17]} 43. Rf6 {[%clk 0:00:44]} Re7 {[%clk 0:01:24]} 44. Rxd6
{[%clk 0:00:51]} Rxe4 {[%clk 0:01:52]} 45. a5 {[%clk 0:01:00]} Rb4
{[%clk 0:01:20]} 46. b6 {[%clk 0:00:55]} axb6 {[%clk 0:01:16]} 47. axb6
{[%clk 0:01:11]} Kg5 {[%clk 0:01:12]} 48. Kg2 {[%clk 0:01:29]} Kf5
{[%clk 0:00:51]} 49. Re6 {[%clk 0:01:24]} Rb5 {[%clk 0:00:40]} 1/2-1/2

[Event "Portugal Open 2018"]
[Site "Lisboa POR"]
[Date "2018.02.09"]
[Round "9.14"]
[White "Arizmendi Martinez, Julen Luis"]
[Black "Sousa, Andre Ventura"]
[Result "1/2-1/2"]
[BlackElo "2405"]
[WhiteElo "2508"]
[LiveChessVersion "1.4.8"]

1. e4 {[%clk 1:27:16]} e5 {[%clk 1:30:56]} 2. Nf3 {[%clk 1:27:33]} Nc6
{[%clk 1:31:23]} 3. Bc4 {[%clk 1:27:37]} Bc5 {[%clk 1:31:47]} 4. O-O
{[%clk 1:27:05]} Nf6 {[%clk 1:32:12]} 5. d3 {[%clk 1:27:23]} O-O {[%clk 1:32:37]}
6. h3 {[%clk 1:27:26]} d5 {[%clk 1:24:18]} 7. exd5 {[%clk 1:26:02]} Nxd5
{[%clk 1:24:29]} 8. Re1 {[%clk 1:26:00]} Be6 {[%clk 1:24:12]} 9. c3
{[%clk 1:22:20]} Bb6 {[%clk 1:17:14]} 10. Bb3 {[%clk 1:22:03]} Kh8
{[%clk 1:15:57]} 11. Na3 {[%clk 1:15:54]} f6 {[%clk 1:14:47]} 12. d4
{[%clk 1:07:45]} Qd7 {[%clk 1:07:42]} 13. Nc4 {[%clk 1:00:37]} exd4
{[%clk 1:05:39]} 14. Nxb6 {[%clk 0:57:57]} cxb6 {[%clk 1:04:04]} 15. Nxd4
{[%clk 0:57:05]} Bg8 {[%clk 1:00:33]} 16. Nxc6 {[%clk 0:52:55]} Qxc6
{[%clk 0:59:54]} 17. Qg4 {[%clk 0:39:54]} b5 {[%clk 0:49:07]} 18. Bd2
{[%clk 0:34:01]} Rfe8 {[%clk 0:44:38]} 19. h4 {[%clk 0:28:59]} Rxe1+
{[%clk 0:30:53]} 20. Rxe1 {[%clk 0:28:53]} Re8 {[%clk 0:31:16]} 21. Rxe8
{[%clk 0:16:40]} Qxe8 {[%clk 0:31:08]} 22. Qd4 {[%clk 0:16:58]} Nb6
{[%clk 0:29:35]} 23. Be3 {[%clk 0:14:17]} h6 {[%clk 0:26:34]} 24. Bc2
{[%clk 0:12:43]} Bh7 {[%clk 0:23:51]} 25. Bd1 {[%clk 0:08:15]} Nc4
{[%clk 0:15:28]} 26. Bc1 {[%clk 0:04:21]} a6 {[%clk 0:14:14]} 27. b3
{[%clk 0:03:38]} Ne5 {[%clk 0:14:39]} 28. Be3 {[%clk 0:02:42]} Bb1
{[%clk 0:13:47]} 29. a4 {[%clk 0:02:33]} bxa4 {[%clk 0:12:58]} 30. bxa4
{[%clk 0:03:01]} Qc6 {[%clk 0:12:54]} 31. Bb3 {[%clk 0:02:00]} Qc8
{[%clk 0:11:11]} 32. Bd5 {[%clk 0:01:19]} Qd7 {[%clk 0:10:58]} 33. a5
{[%clk 0:01:14]} Bg6 {[%clk 0:09:53]} 34. Qc5 {[%clk 0:00:33]} Kh7
{[%clk 0:10:34]} 35. c4 {[%clk 0:01:03]} Bf7 {[%clk 0:10:18]} 36. Be4+
{[%clk 0:00:45]} Kg8 {[%clk 0:09:58]} 37. Bd5 {[%clk 0:00:39]} h5
{[%clk 0:09:28]} 38. f3 {[%clk 0:00:51]} Kh7 {[%clk 0:07:51]} 39. Bd4
{[%clk 0:00:51]} Nc6 {[%clk 0:07:32]} 40. Be4+ {[%clk 0:00:51]} Kg8
{[%clk 0:07:58]} 41. Bf2 {[%clk 0:00:36]} Ne5 {[%clk 0:07:52]} 42. Qb6
{[%clk 0:00:38]} Nxc4 {[%clk 0:07:28]} 43. Qxb7 {[%clk 0:01:01]} Qxb7
{[%clk 0:07:43]} 44. Bxb7 {[%clk 0:01:29]} Nxa5 {[%clk 0:08:08]} 45. Bxa6
{[%clk 0:01:52]} Nc4 {[%clk 0:08:31]} 46. Bxc4 {[%clk 0:01:00]} 1/2-1/2

[Event "Portugal Open 2018"]
[Site "Lisboa POR"]
[Date "2018.02.09"]
[Round "9.15"]
[White "Injac, Teodora"]
[Black "Gabrielian, Artur"]
[Result "0-1"]
[BlackElo "2502"]
[WhiteElo "2302"]
[LiveChessVersion "1.4.8"]

1. Nf3 {[%clk 1:27:01]} c5 {[%clk 1:29:29]} 2. c4 {[%clk 1:27:25]} Nc6
{[%clk 1:29:08]} 3. Nc3 {[%clk 1:27:50]} e5 {[%clk 1:28:24]} 4. e3
{[%clk 1:27:49]} f5 {[%clk 1:27:46]} 5. d4 {[%clk 1:28:09]} e4 {[%clk 1:24:09]}
6. d5 {[%clk 1:26:26]} exf3 {[%clk 1:20:01]} 7. dxc6 {[%clk 1:26:50]} dxc6
{[%clk 1:18:25]} 8. Qxd8+ {[%clk 1:18:57]} Kxd8 {[%clk 1:18:52]} 9. gxf3
{[%clk 1:19:21]} Kc7 {[%clk 1:16:24]} 10. b3 {[%clk 1:13:06]} Be7
{[%clk 1:13:28]} 11. Bb2 {[%clk 1:12:40]} Bf6 {[%clk 1:13:38]} 12. O-O-O
{[%clk 1:08:01]} b6 {[%clk 1:09:54]} 13. f4 {[%clk 1:06:07]} Be6 {[%clk 1:07:07]}
14. Bg2 {[%clk 0:54:00]} Re8 {[%clk 1:06:26]} 15. Bf3 {[%clk 0:51:41]} Nh6
{[%clk 1:04:43]} 16. h3 {[%clk 0:44:25]} Nf7 {[%clk 1:03:16]} 17. Na4
{[%clk 0:38:31]} Bxb2+ {[%clk 1:01:13]} 18. Nxb2 {[%clk 0:33:06]} Re7
{[%clk 0:54:51]} 19. Rhg1 {[%clk 0:32:58]} g6 {[%clk 0:54:21]} 20. h4
{[%clk 0:29:20]} Rg8 {[%clk 0:50:28]} 21. Nd3 {[%clk 0:27:48]} Rd7
{[%clk 0:43:33]} 22. Kc2 {[%clk 0:27:37]} Rd6 {[%clk 0:41:26]} 23. h5
{[%clk 0:22:17]} g5 {[%clk 0:39:24]} 24. fxg5 {[%clk 0:22:38]} Nxg5
{[%clk 0:39:21]} 25. Nf4 {[%clk 0:21:41]} Bf7 {[%clk 0:38:57]} 26. Rxd6
{[%clk 0:15:23]} Kxd6 {[%clk 0:38:39]} 27. Be2 {[%clk 0:12:32]} Ne4
{[%clk 0:35:49]} 28. Rf1 {[%clk 0:08:48]} h6 {[%clk 0:33:29]} 29. a4
{[%clk 0:07:53]} a5 {[%clk 0:32:24]} 30. Bf3 {[%clk 0:07:36]} Ke5
{[%clk 0:31:10]} 31. Rd1 {[%clk 0:05:09]} Nxf2 {[%clk 0:26:11]} 32. Rd7
{[%clk 0:05:36]} Kf6 {[%clk 0:26:29]} 33. Rd6+ {[%clk 0:04:34]} Kg5
{[%clk 0:26:36]} 34. Rxc6 {[%clk 0:02:12]} Ng4 {[%clk 0:24:44]} 35. Bxg4
{[%clk 0:01:12]} fxg4 {[%clk 0:25:09]} 36. Rxb6 {[%clk 0:01:14]} Bxh5
{[%clk 0:23:06]} 37. Rc6 {[%clk 0:01:39]} Bg6+ {[%clk 0:16:27]} 38. Kd2
{[%clk 0:02:04]} g3 {[%clk 0:16:18]} 39. Rxc5+ {[%clk 0:01:52]} Kg4
{[%clk 0:16:35]} 40. Rxa5 {[%clk 0:01:16]} h5 {[%clk 0:16:34]} 41. Ne6
{[%clk 0:00:36]} Bf5 {[%clk 0:14:20]} 42. Nf4 {[%clk 0:01:05]} h4
{[%clk 0:13:25]} 43. Ne2 {[%clk 0:00:51]} g2 {[%clk 0:11:29]} 44. Rd5
{[%clk 0:01:08]} h3 {[%clk 0:10:39]} 45. Rd4+ {[%clk 0:00:36]} Kg5
{[%clk 0:10:55]} 46. Ng1 {[%clk 0:00:36]} h2 {[%clk 0:09:16]} 47. Nf3+
{[%clk 0:00:36]} Kf6 {[%clk 0:09:40]} 0-1

[Event "Portugal Open 2018"]
[Site "Lisboa POR"]
[Date "2018.02.09"]
[Round "9.16"]
[White "Anurag, Mhamal"]
[Black "Klasan, Vladimir"]
[Result "1/2-1/2"]
[BlackElo "2381"]
[WhiteElo "2476"]
[LiveChessVersion "1.4.8"]

1. c4 {[%clk 1:26:23]} c5 {[%clk 1:30:40]} 2. g3 {[%clk 1:26:50]} g6
{[%clk 1:30:53]} 3. Bg2 {[%clk 1:27:08]} Bg7 {[%clk 1:31:13]} 4. Nc3 Nc6
{[%clk 1:31:19]} 5. Nf3 {[%clk 1:27:25]} e6 {[%clk 1:31:01]} 6. O-O Nge7
{[%clk 1:31:08]} 7. d4 {[%clk 1:17:35]} cxd4 {[%clk 1:11:44]} 8. Nb5
{[%clk 1:18:00]} O-O {[%clk 1:08:07]} 9. Nfxd4 {[%clk 1:14:43]} Nxd4
{[%clk 1:04:03]} 10. Nxd4 {[%clk 1:15:08]} d5 {[%clk 1:04:12]} 11. cxd5
{[%clk 1:13:47]} Nxd5 {[%clk 1:03:34]} 12. Nb3 {[%clk 1:12:31]} Qe7
{[%clk 0:57:40]} 13. a3 {[%clk 0:43:12]} Rd8 {[%clk 0:53:37]} 14. Qe1
{[%clk 0:42:30]} b6 {[%clk 0:50:52]} 15. e4 {[%clk 0:29:17]} Nc7 {[%clk 0:51:14]}
16. e5 {[%clk 0:28:37]} Ba6 {[%clk 0:41:14]} 17. Bxa8 {[%clk 0:26:10]} Rxa8
{[%clk 0:40:37]} 18. Qe4 {[%clk 0:19:40]} Bxf1 {[%clk 0:40:20]} 19. Kxf1
{[%clk 0:20:08]} Nd5 {[%clk 0:39:44]} 20. Bd2 {[%clk 0:16:52]} Rc8
{[%clk 0:38:39]} 21. Rc1 {[%clk 0:16:19]} Rxc1+ {[%clk 0:37:27]} 22. Nxc1
{[%clk 0:16:27]} Qc7 {[%clk 0:35:11]} 23. f4 {[%clk 0:13:53]} Qc6
{[%clk 0:34:52]} 24. Ne2 {[%clk 0:13:18]} Qb5 {[%clk 0:31:07]} 25. Qc2
{[%clk 0:13:04]} Bf8 {[%clk 0:30:24]} 26. Ke1 {[%clk 0:12:15]} Bc5
{[%clk 0:26:15]} 27. b4 {[%clk 0:08:44]} Be3 {[%clk 0:26:37]} 28. Bxe3
{[%clk 0:05:25]} Nxe3 {[%clk 0:26:59]} 29. Qb3 {[%clk 0:05:39]} Nf5
{[%clk 0:26:17]} 30. Qd1 {[%clk 0:04:00]} Qc6 {[%clk 0:19:21]} 31. Qd8+
{[%clk 0:04:28]} Kg7 {[%clk 0:19:40]} 32. Qf6+ {[%clk 0:04:44]} Kg8
{[%clk 0:19:56]} 33. Qd8+ {[%clk 0:05:11]} Kg7 {[%clk 0:20:13]} 1/2-1/2

[Event "Portugal Open 2018"]
[Site "Lisboa POR"]
[Date "2018.02.09"]
[Round "9.17"]
[White "Kaczur, Florian"]
[Black "Ruperez Benito, Antonio"]
[Result "1-0"]
[BlackElo "2348"]
[WhiteElo "2459"]
[LiveChessVersion "1.4.8"]

1. e4 {[%clk 1:30:52]} e6 {[%clk 1:30:54]} 2. d4 {[%clk 1:31:09]} d5
{[%clk 1:31:18]} 3. Nd2 {[%clk 1:31:21]} Nf6 {[%clk 1:31:42]} 4. e5
{[%clk 1:31:30]} Nfd7 {[%clk 1:32:06]} 5. c3 {[%clk 1:31:31]} c5 {[%clk 1:32:29]}
6. f4 {[%clk 1:30:58]} Nc6 {[%clk 1:32:44]} 7. Ndf3 {[%clk 1:31:04]} cxd4
{[%clk 1:32:41]} 8. cxd4 {[%clk 1:31:20]} f5 {[%clk 1:32:58]} 9. Bd3
{[%clk 1:30:57]} Be7 {[%clk 1:33:07]} 10. Ne2 {[%clk 1:30:51]} Nb6
{[%clk 1:32:24]} 11. Rg1 {[%clk 1:26:48]} Bd7 {[%clk 1:29:49]} 12. Kf2
{[%clk 1:20:48]} O-O {[%clk 1:26:23]} 13. g4 {[%clk 1:18:39]} Nb4
{[%clk 1:14:27]} 14. Bb1 {[%clk 1:18:19]} Ba4 {[%clk 1:14:15]} 15. b3
{[%clk 1:16:42]} Be8 {[%clk 1:13:23]} 16. gxf5 {[%clk 1:14:57]} exf5
{[%clk 1:13:16]} 17. Ng3 {[%clk 1:13:52]} Bd7 {[%clk 1:02:08]} 18. a3
{[%clk 1:11:02]} Nc6 {[%clk 1:00:46]} 19. Bd3 {[%clk 1:06:55]} Kh8
{[%clk 0:56:44]} 20. h4 {[%clk 1:04:10]} Be6 {[%clk 0:50:47]} 21. Be3
{[%clk 1:03:07]} a5 {[%clk 0:48:32]} 22. Nh5 {[%clk 1:01:15]} Bxh4+
{[%clk 0:39:32]} 23. Ng3 {[%clk 0:49:00]} Be7 {[%clk 0:35:19]} 24. Rh1
{[%clk 0:47:48]} Rf7 {[%clk 0:32:15]} 25. Qf1 {[%clk 0:43:58]} g6
{[%clk 0:30:57]} 26. Qh3 {[%clk 0:41:53]} a4 {[%clk 0:28:35]} 27. b4
{[%clk 0:40:00]} Nc4 {[%clk 0:25:17]} 28. Qh6 {[%clk 0:38:13]} Qg8
{[%clk 0:16:31]} 29. Ng5 {[%clk 0:36:14]} Bxg5 {[%clk 0:15:36]} 30. Qxg5
{[%clk 0:36:41]} Re8 {[%clk 0:07:54]} 31. Rh6 {[%clk 0:35:58]} Rg7
{[%clk 0:06:46]} 32. Ne2 {[%clk 0:35:02]} Nxe3 {[%clk 0:03:51]} 33. Kxe3
{[%clk 0:35:25]} Rc8 {[%clk 0:02:46]} 34. Rc1 {[%clk 0:33:53]} Nd8 35. Rhh1
{[%clk 0:33:17]} Qf8 {[%clk 0:01:26]} 36. Rc3 {[%clk 0:26:54]} Rxc3
{[%clk 0:00:52]} 37. Nxc3 {[%clk 0:27:17]} Kg8 {[%clk 0:00:40]} 38. Nb5
{[%clk 0:26:11]} Nc6 {[%clk 0:00:44]} 39. Rc1 {[%clk 0:26:20]} Qb8
{[%clk 0:00:42]} 40. Nd6 {[%clk 0:26:16]} Rc7 {[%clk 0:00:48]} 41. Bxf5
{[%clk 0:18:32]} Bxf5 {[%clk 0:00:37]} 42. Nxf5 {[%clk 0:17:59]} Nxd4
{[%clk 0:00:53]} 43. Nh6+ {[%clk 0:16:44]} 1-0

[Event "Portugal Open 2018"]
[Site "Lisboa POR"]
[Date "2018.02.09"]
[Round "9.18"]
[White "Silva, David Miguel Da"]
[Black "Nayhebaver, Martin"]
[Result "0-1"]
[BlackElo "2456"]
[WhiteElo "2283"]
[LiveChessVersion "1.4.8"]

1. e4 {[%clk 1:22:32]} c5 {[%clk 1:30:33]} 2. Nf3 {[%clk 1:22:50]} d6
{[%clk 1:30:35]} 3. d4 {[%clk 1:22:11]} cxd4 {[%clk 1:30:41]} 4. Nxd4
{[%clk 1:22:37]} Nf6 {[%clk 1:30:43]} 5. Nc3 {[%clk 1:22:56]} a6 {[%clk 1:30:44]}
6. Be3 {[%clk 1:22:17]} e5 {[%clk 1:30:15]} 7. Nf3 {[%clk 1:22:38]} Qc7
{[%clk 1:28:10]} 8. a4 {[%clk 1:20:24]} Be7 {[%clk 1:26:20]} 9. a5
{[%clk 1:20:50]} h6 {[%clk 1:22:16]} 10. Bb6 {[%clk 1:13:22]} Qc6
{[%clk 1:22:18]} 11. Nd5 {[%clk 1:13:49]} Nxd5 {[%clk 1:21:39]} 12. exd5
{[%clk 1:13:35]} Qd7 {[%clk 1:22:05]} 13. Bc4 {[%clk 1:13:31]} Qg4
{[%clk 1:20:27]} 14. Ra4 {[%clk 1:10:25]} O-O {[%clk 1:15:25]} 15. O-O
{[%clk 1:10:36]} Qg6 {[%clk 1:15:13]} 16. Be3 {[%clk 1:03:39]} Nd7
{[%clk 1:10:16]} 17. Nd2 {[%clk 1:02:35]} Bg5 {[%clk 1:04:35]} 18. Bd3
{[%clk 1:02:20]} f5 {[%clk 1:04:01]} 19. Bxg5 {[%clk 1:02:00]} hxg5
{[%clk 1:03:33]} 20. Nc4 {[%clk 1:01:43]} e4 {[%clk 0:58:24]} 21. Be2
{[%clk 1:01:34]} g4 {[%clk 0:57:11]} 22. Ra3 {[%clk 0:58:58]} Ne5
{[%clk 0:52:01]} 23. Nxe5 {[%clk 0:54:59]} dxe5 {[%clk 0:52:09]} 24. Rb3
{[%clk 0:55:24]} Rf6 {[%clk 0:52:23]} 25. Bc4 {[%clk 0:55:26]} Kh7
{[%clk 0:49:17]} 26. Re1 {[%clk 0:55:05]} Kh8 {[%clk 0:42:47]} 27. Qd2
{[%clk 0:52:55]} Rb8 {[%clk 0:37:06]} 28. Qc3 {[%clk 0:53:13]} Qe8
{[%clk 0:36:52]} 29. Rb6 {[%clk 0:52:41]} Rxb6 {[%clk 0:32:40]} 30. axb6
{[%clk 0:51:45]} Bd7 {[%clk 0:33:08]} 31. h3 {[%clk 0:52:12]} g3 {[%clk 0:24:40]}
32. Qxg3 {[%clk 0:50:05]} Qe7 {[%clk 0:25:03]} 33. Bb3 {[%clk 0:48:21]} Qf6
{[%clk 0:23:04]} 34. Qe3 {[%clk 0:47:18]} Rc8 {[%clk 0:22:53]} 35. c4
{[%clk 0:45:49]} Qd6 {[%clk 0:23:15]} 36. Ba2 {[%clk 0:45:04]} Qb4
{[%clk 0:21:54]} 37. Re2 {[%clk 0:44:39]} a5 {[%clk 0:19:53]} 38. Qg3
{[%clk 0:35:06]} Qd6 {[%clk 0:15:59]} 39. Qa3 {[%clk 0:33:51]} Rc5
{[%clk 0:08:47]} 40. Qg3 {[%clk 0:32:40]} Kg8 {[%clk 0:07:59]} 41. Qg5
{[%clk 0:32:20]} Kf7 {[%clk 0:05:55]} 42. Qh5+ {[%clk 0:31:10]} Kg8
{[%clk 0:05:54]} 43. Qg5 {[%clk 0:29:15]} Kf7 {[%clk 0:06:19]} 44. Qg3
{[%clk 0:26:49]} Kf6 {[%clk 0:05:15]} 45. h4 {[%clk 0:25:58]} Qxb6
{[%clk 0:04:58]} 46. h5 {[%clk 0:25:50]} Be8 {[%clk 0:05:17]} 47. Qh4+
{[%clk 0:25:30]} Kf7 {[%clk 0:05:42]} 48. g4 {[%clk 0:25:55]} Qf6
{[%clk 0:05:08]} 49. g5 {[%clk 0:26:18]} Qd6 {[%clk 0:05:37]} 50. Re3
{[%clk 0:26:17]} Kg8 {[%clk 0:04:34]} 51. g6 {[%clk 0:26:18]} f4 {[%clk 0:01:43]}
52. Rxe4 {[%clk 0:24:30]} Bxg6 {[%clk 0:02:12]} 53. Re1 {[%clk 0:24:59]} Bd3
{[%clk 0:02:15]} 54. Qg5 {[%clk 0:22:11]} e4 {[%clk 0:02:34]} 55. Kh1
{[%clk 0:20:29]} Qf6 {[%clk 0:01:31]} 56. Qg4 {[%clk 0:19:52]} Bxc4
{[%clk 0:01:20]} 57. Rc1 {[%clk 0:19:43]} Be2 {[%clk 0:00:51]} 58. d6+
{[%clk 0:18:33]} Kh8 {[%clk 0:01:20]} 59. Qc8+ {[%clk 0:18:30]} Rxc8
{[%clk 0:01:46]} 60. Rxc8+ {[%clk 0:18:56]} Kh7 {[%clk 0:02:14]} 61. d7
{[%clk 0:18:18]} Bf3+ {[%clk 0:02:18]} 62. Kg1 {[%clk 0:18:28]} Qg5+
{[%clk 0:02:43]} 63. Kf1 {[%clk 0:18:52]} Qg2+ {[%clk 0:03:08]} 64. Ke1
{[%clk 0:19:07]} Qg1+ {[%clk 0:03:33]} 65. Kd2 {[%clk 0:20:05]} Qd1+ 0-1

[Event "Portugal Open 2018"]
[Site "Lisboa POR"]
[Date "2018.02.09"]
[Round "9.19"]
[White "Sandalakis, Angelos"]
[Black "Alshameary Puente, Ismael"]
[Result "1-0"]
[BlackElo "2339"]
[WhiteElo "2448"]
[LiveChessVersion "1.4.8"]

1. e4 {[%clk 1:30:58]} e5 {[%clk 1:30:48]} 2. Nf3 {[%clk 1:31:20]} Nc6
{[%clk 1:31:14]} 3. Bb5 {[%clk 1:31:42]} a6 {[%clk 1:31:35]} 4. Ba4
{[%clk 1:31:55]} Nf6 {[%clk 1:31:58]} 5. O-O {[%clk 1:32:19]} Be7
{[%clk 1:32:23]} 6. Re1 {[%clk 1:32:43]} b5 {[%clk 1:32:47]} 7. Bb3
{[%clk 1:33:09]} d6 {[%clk 1:33:13]} 8. c3 {[%clk 1:33:33]} O-O {[%clk 1:33:37]}
9. h3 {[%clk 1:33:56]} Bb7 {[%clk 1:33:42]} 10. d4 {[%clk 1:33:09]} Nd7
{[%clk 1:34:02]} 11. Nbd2 {[%clk 1:31:28]} Na5 {[%clk 1:32:57]} 12. Bc2
{[%clk 1:31:52]} exd4 {[%clk 1:33:21]} 13. Nxd4 {[%clk 1:20:35]} g6
{[%clk 1:17:40]} 14. Nf1 {[%clk 1:16:09]} Ne5 {[%clk 1:14:18]} 15. f4
{[%clk 1:09:27]} Nec4 {[%clk 1:03:39]} 16. b3 {[%clk 1:04:12]} Nb6
{[%clk 1:03:33]} 17. Ne3 {[%clk 1:03:00]} c5 {[%clk 1:02:41]} 18. Nf3
{[%clk 1:01:34]} Bf6 {[%clk 0:55:59]} 19. Bd2 {[%clk 1:01:13]} Re8
{[%clk 0:53:04]} 20. Ng4 {[%clk 0:58:21]} Bg7 {[%clk 0:49:21]} 21. f5
{[%clk 0:57:41]} Nc6 {[%clk 0:30:40]} 22. Nh6+ {[%clk 0:51:27]} Bxh6
{[%clk 0:31:00]} 23. Bxh6 {[%clk 0:51:51]} Ne5 {[%clk 0:29:47]} 24. Nxe5
{[%clk 0:50:00]} dxe5 {[%clk 0:30:12]} 25. Qg4 {[%clk 0:46:33]} Qe7
{[%clk 0:27:36]} 26. Rf1 {[%clk 0:43:04]} Nd7 {[%clk 0:24:07]} 27. Bg5
{[%clk 0:37:38]} h5 {[%clk 0:18:50]} 28. Qh4 {[%clk 0:36:22]} f6 {[%clk 0:18:13]}
29. Be3 {[%clk 0:36:44]} Kg7 {[%clk 0:14:23]} 30. fxg6 {[%clk 0:36:59]} Rh8
{[%clk 0:13:37]} 31. Rad1 {[%clk 0:35:19]} Nf8 {[%clk 0:13:45]} 32. Qf2
{[%clk 0:32:32]} Rc8 {[%clk 0:13:57]} 33. b4 {[%clk 0:30:34]} cxb4
{[%clk 0:12:32]} 34. cxb4 {[%clk 0:30:59]} Ne6 {[%clk 0:12:50]} 35. Rd7
{[%clk 0:29:40]} Qxd7 {[%clk 0:12:23]} 36. Qxf6+ {[%clk 0:30:03]} Kg8
{[%clk 0:12:47]} 37. Bb3 {[%clk 0:30:24]} Rc4 {[%clk 0:11:22]} 38. Bxc4
{[%clk 0:28:01]} bxc4 {[%clk 0:11:43]} 39. Qxe5 {[%clk 0:28:26]} Bc8
{[%clk 0:04:18]} 40. Rf7 {[%clk 0:27:41]} Qd3 {[%clk 0:04:40]} 41. Bc5
{[%clk 0:24:04]} Rh6 {[%clk 0:01:15]} 42. Qf6 {[%clk 0:24:22]} 1-0